000 01578nam a22004577a 4500
001 000104380
003 CHAP
005 20220817044431.0
008 100906s2009 it a rn 00010 eng d
010 _a100842
011 _a101814
020 _a9789251062500
035 _a112502
040 _cCHAP
082 0 4 _a636.0896
_bF35y v.9
110 2 _aFAO
245 1 0 _aGeospatial datasets and analyses for an environmental approach to African trypanosomiasis /editado por Giuliano Cecchi y Raffaele C. Mattioli.
260 _aRome :
_bFAO,
_c2009.
300 _aviii, 67 p. :
_bmapas.
490 0 _aPAAT.
_pTechnical and scientific series
_v; 9
590 _aBATCH-UPD
_b10
_c20130110
_lUCH01
_h1556
590 _aBATCH-UPD
_b10
_c20130410
_lUCH01
_h0953
590 _aBATCH-UPD
_b10
_c20130914
_lUCH01
_h0906
590 _aCONVERSION
_b10
_c20130109
_lUCH01
_h1356
590 _aE5995AHE
_b05
_c20140731
_lUCH01
_h1313
590 _aE5995AHE
_b05
_c20140731
_lUCH01
_h1314
650 1 4 _aControl biológico de enfermedades.
_927579
650 1 4 _aEnfermedades Humanas.
_936935
650 1 4 _aEpidemiología.
650 1 4 _aGanado
_xEnfermedades.
_944909
650 1 4 _aGlossina.
_948317
650 1 4 _aTripanosomiasis.
_9115169
650 1 4 _aVida silvestre.
_9119155
700 1 _aCecchi, Giuliano
_e, ed.
_920812
700 1 _aMattioli, Raffaele C.
_e, ed.
_973094
830 0 _aPAAT.
_pTechnical and scientific series
_v; 9
_984507
901 _aBK
942 _cLIBRO
942 _n0
949 _a636.0896 F35y v.9
_bBC
_cFAO
_d33724002168611
_eFAO1
_gDonaciØn
_h114572
_i112502
_sb
999 _c100842
_d100842